Sports Quiz

Random Sports or NBA Quiz

Top 250 NBA Free Throws Attempted as of May 26, 2015 Quiz Stats

 Plays Quiz not verified by Sporcle

Challenge
Share
Tweet
Embed
Score 0/250 Timer 20:00
0 Plays Today
Free Throws Attempted Player % Correct
7730LeBron James
96.6%
9730Kobe Bryant
95.8%
11862Wilt Chamberlain
94.9%
13188Karl Malone
93.2%
8772Michael Jordan
93.2%
9304Kareem Abdul-Jabbar
92.4%
11252Shaquille O'Neal
91.5%
11090Moses Malone
91.5%
8499Paul Pierce
91.5%
5850Magic Johnson
91.5%
4754Dennis Johnson
91.5%
4691Kevin Johnson
91.5%
4208Jermaine O'Neal
91.5%
4066Mickey Johnson
91.5%
3954Jason Kidd
91.5%
3871Ricky Pierce
91.5%
3792Eddie Johnson
91.5%
3383Jeff Malone
91.5%
3265Marques Johnson
91.5%
3204Joe Johnson
91.5%
8801Jerry West
90.7%
8201David Robinson
90.7%
5165Clifford Robinson
90.7%
3556Truck Robinson
90.7%
5614Bill Russell
89.8%
9185Oscar Robertson
89%
8337Tim Duncan
89%
4920Ray Allen
89%
4437Scottie Pippen
89%
6354Dwyane Wade
88.1%
6169Kevin Garnett
88.1%
4471Larry Bird
88.1%
3705Randy Smith
88.1%
3681Josh Smith
88.1%
3625Steve Smith
88.1%
3200Joe Smith
88.1%
3384Steve Nash
87.3%
8643Charles Barkley
86.4%
7357Dwight Howard
86.4%
7289Patrick Ewing
86.4%
5202Tracy McGrady
86.4%
4014Juwan Howard
86.4%
3572Sam Jones
86.4%
3394Eddie Jones
86.4%
7621Hakeem Olajuwon
85.6%
7026Reggie Miller
85.6%
5751Vince Carter
85.6%
4943Andre Miller
85.6%
3273Brad Miller
85.6%
8168Allen Iverson
84.7%
5796John Stockton
84.7%
7689Dirk Nowitzki
83.9%
5316Isiah Thomas
83.9%
4035Tony Parker
83.9%
3517Gerald Wallace
83.9%
3162Rasheed Wallace
83.9%
3676Walter Davis
83.1%
3668Antonio Davis
83.1%
3292Baron Davis
83.1%
5979Buck Williams
81.4%
5962Clyde Drexler
81.4%
5694Robert Parish
81.4%
3315Hot Rod Williams
81.4%
3263Tim Hardaway
81.4%
3187Deron Williams
81.4%
3173Gus Williams
81.4%
5323Chris Bosh
80.5%
4950Julius Erving
80.5%
4554Kevin McHale
80.5%
4480Gary Payton
80.5%
3154Stephen Jackson
80.5%
7438Dominique Wilkins
79.7%
7391Elgin Baylor
79.7%
5498Grant Hill
79.7%
5377Amar'e Stoudemire
79.7%
4714Kevin Durant
79.7%
6307Carmelo Anthony
78.8%
5805Shawn Kemp
78.8%
5589Pau Gasol
78.8%
3906Chris Webber
78.8%
3739Manu Ginobili
78.8%
4250A.C. Green
78%
4226Johnny Green
78%
3184James Worthy
78%
Free Throws Attempted Player % Correct
6589John Havlicek
77.1%
4178Chris Mullin
76.3%
3601Chris Paul
76.3%
5756Bob Cousy
75.4%
6384Chet Walker
74.6%
5862Alonzo Mourning
74.6%
5029Chauncey Billups
74.6%
3303Antoine Walker
74.6%
3298Willis Reed
74.6%
4059Joe Dumars
73.7%
3805Richard Hamilton
73.7%
3457Jalen Rose
73.7%
3111Rashard Lewis
73.7%
7999Elvin Hayes
72.9%
3707Mychal Thompson
72.9%
3616David Thompson
72.9%
3416Russell Westbrook
72%
4860Antawn Jamison
71.2%
4243Rick Barry
71.2%
4226Walt Frazier
71.2%
5444Bernard King
70.3%
5141Alex English
70.3%
4960Dikembe Mutombo
70.3%
8351Adrian Dantley
69.5%
5383George Gervin
69.5%
4920Elton Brand
69.5%
4344Pete Maravich
68.6%
3365Dale Ellis
68.6%
3129Monta Ellis
68.6%
4804Stephon Marbury
67.8%
3728Bob Love
67.8%
3233James Harden
67.8%
4437Richard Jefferson
66.1%
4298Latrell Sprewell
66.1%
4176Vlade Divac
66.1%
3924George Mikan
66.1%
3813Glen Rice
66.1%
3494Steve Francis
66.1%
3390Jeff Hornacek
66.1%
8119Bob Pettit
65.3%
3584Gilbert Arenas
65.3%
3293Ray Scott
65.3%
5760Tiny Archibald
64.4%
5659Jerry Stackhouse
64.4%
4292Sam Perkins
64.4%
3919Kevin Martin
64.4%
3799Ron Harper
64.4%
3426Derek Harper
64.4%
7904Dolph Schayes
63.6%
5585Detlef Schrempf
63.6%
4513Earl Monroe
63.6%
3461Danny Schayes
63.6%
3522Charles Oakley
61.9%
6274Tom Chambers
61%
5365Mitch Richmond
61%
4144Sam Cassell
61%
4107Terry Porter
61%
4076Zach Randolph
61%
3207Jason Terry
61%
6973Lenny Wilkens
60.2%
4944Mark Aguirre
59.3%
3353Tom Heinsohn
59.3%
3226Tyson Chandler
59.3%
5717Hal Greer
58.5%
5229Bob McAdoo
58.5%
4858Bob Lanier
58.5%
4238Kevin Willis
58.5%
3599Lamar Odom
57.6%
6264World B. Free
56.8%
5683Dave Bing
56.8%
3998Bob Boozer
56.8%
3399Maurice Lucas
56.8%
3365Jerry Lucas
56.8%
3158Carlos Boozer
56.8%
5354Gail Goodrich
55.1%
3744Don Nelson
55.1%
6189Paul Arizin
54.2%
4412Bill Cartwright
54.2%
4326Derrick Coleman
54.2%
3864Calvin Murphy
54.2%
4711Terry Cummings
53.4%
4592Cedric Maxwell
52.5%
5612Otis Thorpe
51.7%
5089Nate Thurmond
51.7%
Free Throws Attempted Player % Correct
4943Shareef Abdur-Rahim
51.7%
4319Sidney Moncrief
51.7%
3997Kiki Vandeweghe
51.7%
3892Larry Nance
51.7%
3730Dave DeBusschere
51.7%
3670Brad Daugherty
51.7%
3272Grant Long
51.7%
5053Jack Sikma
50.8%
4309Rolando Blackman
50.8%
3589Jamal Crawford
50.8%
3511Anthony Mason
50.8%
3787Vin Baker
50%
3160Alvan Adams
50%
3120Danny Manning
50%
8088Walt Bellamy
48.3%
5644Reggie Theus
48.3%
3985Hersey Hawkins
48.3%
3178Antonio McDyess
47.5%
5768Artis Gilmore
45.8%
4759Rod Strickland
45.8%
5599Corey Maggette
44.9%
4756Dan Issel
44.9%
3682Red Kerr
44.9%
4717Billy Cunningham
44.1%
3364Jerome Kersey
44.1%
3243Zydrunas Ilgauskas
44.1%
3579Andre Iguodala
43.2%
3267Kendall Gill
43.2%
4325Jack Twyman
42.4%
3604Christian Laettner
42.4%
3559Bill Sharman
42.4%
3960Lou Hudson
40.7%
3766Spencer Haywood
39.8%
3093Doc Rivers
39.8%
3166Paul Westphal
38.1%
3961Rony Seikaly
37.3%
3675Andrei Kirilenko
35.6%
3382Bob Dandridge
35.6%
3232Joe Barry Carroll
35.6%
4748Paul Silas
33.9%
4666James Edwards
33.9%
3832Elden Campbell
33.9%
3493Sleepy Floyd
33.1%
6224Bailey Howell
30.5%
5774John Drew
30.5%
4501Orlando Woolridge
30.5%
4447Neil Johnston
30.5%
3722Cliff Hagan
28.8%
3174Purvis Short
28.8%
5549Richie Guerin
27.1%
3874Vern Mikkelsen
27.1%
3660Kelly Tripucka
27.1%
4929Ed Macauley
26.3%
3239Jerry Sloan
26.3%
3896Armen Gilliam
23.7%
3434George Yardley
22%
3261Clarence Weatherspoon
21.2%
3141Clyde Lovellette
21.2%
4080Happy Hairston
18.6%
4167Harry Gallatin
17.8%
3559George McGinnis
17.8%
3955Sidney Wicks
16.9%
5385Dick Van Arsdale
16.1%
4324Dick Barnett
16.1%
4226Tom Van Arsdale
16.1%
3984Johnny Newman
16.1%
3163Archie Clark
15.3%
3523Metta World Peace
14.4%
3456Mike Newlin
12.7%
4308Rudy LaRusso
11.9%
3702Dan Roundfield
11%
3087Zelmo Beaty
11%
4816Larry Foust
10.2%
3824Bill Bridges
10.2%
3484Carl Braun
9.3%
3328Nene Hilario
7.6%
3262Kevin Loughery
7.6%
3273Gene Shue
5.9%
3451Arnie Risen
4.2%
3741Wayne Embry
2.5%
3447Joe Graboski
1.7%
3187Ray Felix
1.7%

You're not logged in!

Compare scores with friends on all Sporcle quizzes.
OR
Log In

You Might Also Like...

Show Comments

Extras

Top Quizzes Today


Score Distribution

Your Account Isn't Verified!

In order to create a playlist on Sporcle, you need to verify the email address you used during registration. Go to your Sporcle Settings to finish the process.

Report this User

Report this user for behavior that violates our Community Guidelines.

Details: